El " otro": identidd y construcción discursiva /

Esta contribución, que arraiga en la Epistemología del Sujeto Conocido, tiene por objetivo dar cuenta de las características que asumen textualmente las representaciones discursivas acerca del "otro". De modo tal, luego de la propuesta de tres niveles de reflexión se analizarán, por un lad...

Full beskrivning

Sparad:
Bibliografiska uppgifter
Huvudupphovsman: Vasilachis de Gialdino, Irene
Materialtyp: Text
Ämnen:
Taggar: Lägg till en tagg
Inga taggar, Lägg till första taggen!

MARC

LEADER 00000 a a2200000 04500
001 14358
003
040
100 |a Vasilachis de Gialdino, Irene  
245 |a El " otro":   |b identidd y construcción discursiva /  |c Irene Vasilachis de Gialdino 
520 |a Esta contribución, que arraiga en la Epistemología del Sujeto Conocido, tiene por objetivo dar cuenta de las características que asumen textualmente las representaciones discursivas acerca del "otro". De modo tal, luego de la propuesta de tres niveles de reflexión se analizarán, por un lado, las diferentes concepciones que sustentan a esas concepciones que sustentan a esas representaciones y las posibles consecuencias de esas formas de representación, en especial sobre la identidad personal y colectiva y sobre la capacidad de acción histórica de las personas pobres. Por otro lado, se examinará la relación entre las particularidades de dicha representación y las posibles formas de ser de la violencia  
650 |a IDENTIDAD SOCIAL  
650 |a REPRESENTACION SOCIAL  
650 |a POBREZA  
650 |a DISCRIMINACION  
650 |a VIOLENCIA  
773 |g volumen 11, número 1; páginas 7-15  
999 |c 39889  |d 39889